|
|
|
|
| LEADER |
00000nab a2200000 a 4500 |
| 001 |
vtls010496323 |
| 003 |
SK-MaSNL |
| 005 |
20260303165454.0 |
| 008 |
130311c2012 xo wrzp 0 0slo |
| 015 |
|
|
|a SNBRB2013/01
|2 rvgkpd
|
| 038 |
|
|
|a RVGKPD
|
| 040 |
|
|
|a RVGKPD
|b slo
|c RVGKPD
|e AACR2
|
| 041 |
0 |
|
|a slo
|
| 044 |
|
|
|a xo
|c SK
|
| 080 |
|
|
|a 621.397.13
|2 1997
|
| 100 |
1 |
|
|a Domček, Martin
|4 aut
|9 838726
|
| 245 |
1 |
0 |
|a Budúcnosť televízorov
|b veľké spoločnosti pred rokom vyhlasovali, že hitom týchto Vianoc budú OLED televízory
|c Martin Domček
|
| 246 |
3 |
|
|a Teraz mlčia
|
| 300 |
|
|
|b Fotogr.
|
| 650 |
0 |
7 |
|a televízna technika
|2 rvgkpd
|9 247453
|
| 650 |
0 |
7 |
|a nové technológie
|2 rvgkpd
|9 70295
|
| 773 |
0 |
|
|t Plus 7 dní
|g Roč. XXII, č. 49 (2012), s. 58-59
|x 1210-4040
|
| 852 |
|
|
|a RVGKPD
|b KIS3G
|
| 992 |
|
|
|a RBX
|
| 999 |
|
|
|c 2071921
|d 2073851
|